000 00909nam2a22002771 4500
001 RU\NLR\INFOCOMM31\5000087670
005 20250806204637.0
035 _a(NLR Aleph) 002407474
090 _a59001
_c59001
100 _a20050119d1941 u y0rusy50 ca
101 0 _arus
102 _aRU
105 _ay ||||000|y
200 1 _aО профильном сопротивлении
_fФ.Г. Гласс
210 _d1941
461 0 _1001RU\NLR\INFOCOMM31\5000085815
_12001#$aТруды ЦАГИ$fЦентр. аэрогидродинам. ин-т им. проф. Н.Е. Жуковского$vВып.№539
700 1 _aГласс
_bФ.Г.
_4070
801 1 _aRU
_bInfoComm
_c20050126
801 0 _aRU
_bNLR
_gPSBO
852 _aNLR
_jП11/665
942 _cISSUE
945 _aРоссийская национальная библиотека
980 _aNB
980 _aBV
980 _aRUSPER